000 00964nam a2200277 a 4500
001 000043558
005 20250603120043.0
008 140325s2013 dr r 000 0 spa d
020 _a9789945412840
040 _aDO-SdBNP
_bspa
_cBNPHU
082 _a341.753
_bS211i
100 1 _aSánchez Lorenzo, Sixto A.
_971356
245 1 0 _aIntroducción al derecho de los contratos internacionales /
_cSixto A. Sánchez Lorenzo.
260 _aSanto Domingo :
_bFUNGLODE,
_c2013.
300 _a[215] p. ;
_c24 cm.
490 1 _aDerecho
504 _aBibliografía : p. 202-215
500 _aIncluye datos biográficos del autor en la solapa de la cubierta
590 _aInventariado, 2018/BT
650 4 _aContratos internacionales
_971357
650 0 _aDerecho mercantil
_944865
650 0 _aDerecho internacional
_93258
710 2 2 _aFundación Global Democracía y Desarrollo
_925477
830 0 _aDerecho
_911855
910 _aValidado. Control de calidad. MFF
999 _c43047
_d43047